<?xml version="1.0" encoding="UTF-8"?>
<collection xmlns="http://www.loc.gov/MARC21/slim">
<record>
  <controlfield tag="001">153822</controlfield>
  <controlfield tag="005">20250512161005.0</controlfield>
  <datafield tag="037" ind1=" " ind2=" ">
    <subfield code="a">TAZ-TFG-2024-2048</subfield>
  </datafield>
  <datafield tag="041" ind1=" " ind2=" ">
    <subfield code="a">spa</subfield>
  </datafield>
  <datafield tag="100" ind1="1" ind2=" ">
    <subfield code="a">Leach Solchaga, Teresa</subfield>
  </datafield>
  <datafield tag="242" ind1="0" ind2="0">
    <subfield code="a">Sports sponsorship agreement. Analysis, corporate and social relevance.</subfield>
  </datafield>
  <datafield tag="245" ind1="0" ind2="0">
    <subfield code="a">El contrato de patrocinio deportivo. Análisis, relevancia social y empresarial.</subfield>
  </datafield>
  <datafield tag="260" ind1=" " ind2=" ">
    <subfield code="a">Zaragoza</subfield>
    <subfield code="b">Universidad de Zaragoza</subfield>
    <subfield code="c">2024</subfield>
  </datafield>
  <datafield tag="506" ind1=" " ind2=" ">
    <subfield code="a">by-nc-sa</subfield>
    <subfield code="b">Creative Commons</subfield>
    <subfield code="c">3.0</subfield>
    <subfield code="u">http://creativecommons.org/licenses/by-nc-sa/3.0/</subfield>
  </datafield>
  <datafield tag="520" ind1=" " ind2=" ">
    <subfield code="a">El contrato de patrocinio deportivo es una figura jurídica que, pese a no haber obtenido demasiada atención por parte de los legisladores, ha cobrado un papel protagonista como herramienta de promoción y propulsión de las empresas. Desde las corporaciones, quieren aprovechar la formalización de una relación con el mundo del deporte (ya sea a través de un atleta, un club, un evento o una federación) para beneficiarse del prestigio que puede otorgarles dicha relación. El auge de los eventos deportivos, unido a la generalización e inmediatez de los medios de comunicación, dan lugar a la oportunidad perfecta de difusión de una marca a través de los contratos de patrocinio. Con ellos, los espectadores desarrollan una asociación entre el deporte y la marca patrocinadora. Más aún, crean una relación entre los valores que representa ese deporte o atleta y el nombre que lo patrocina. No es una mera actividad publicitaria de hacer llegar a más clientes sus productos y servicios, sino que desarrollan su estrategia de marca tratando de alcanzar un objetivo inmaterial. Si bien estos contratos ofrecen numerosos beneficios a las marcas patrocinadores, también conllevan una serie de riesgos que deben tenerse en cuenta antes de establecer estas relaciones jurídicas. La dependencia que se crea entre el patrocinador y el patrocinado puede ser perjudicial para la marca en el caso en el que la imagen del patrocinado se aleje de lo que ésta quiere representar. La insuficiencia de regulación de este contrato propicia cierta inseguridad jurídica en lo referido al incumplimiento, por lo que la práctica ha desarrollado una serie de cláusulas que garantizan la protección de la imagen de marca alcanzada por el patrocinador y evitan que permanezca ligada al deportista en caso de que éste se haya alejado de lo estipulado en el contrato.&lt;br /></subfield>
  </datafield>
  <datafield tag="521" ind1=" " ind2=" ">
    <subfield code="a">Programa conjunto en ADE/DERECHO (Grados)</subfield>
  </datafield>
  <datafield tag="540" ind1=" " ind2=" ">
    <subfield code="a">Derechos regulados por licencia Creative Commons</subfield>
  </datafield>
  <datafield tag="856" ind1="0" ind2=" ">
    <subfield code="f">776350@unizar.es</subfield>
  </datafield>
  <datafield tag="856" ind1="4" ind2=" ">
    <subfield code="s">749201</subfield>
    <subfield code="u">http://zaguan.unizar.es/record/153822/files/TAZ-TFG-2024-2048.pdf</subfield>
    <subfield code="y">Memoria (spa)</subfield>
  </datafield>
  <datafield tag="909" ind1="C" ind2="O">
    <subfield code="o">oai:zaguan.unizar.es:153822</subfield>
    <subfield code="p">driver</subfield>
    <subfield code="p">trabajos-fin-grado</subfield>
  </datafield>
  <datafield tag="950" ind1=" " ind2=" ">
    <subfield code="a"></subfield>
  </datafield>
  <datafield tag="691" ind1=" " ind2=" ">
    <subfield code="a">0</subfield>
  </datafield>
  <datafield tag="692" ind1=" " ind2=" ">
    <subfield code="a"></subfield>
  </datafield>
  <datafield tag="700" ind1=" " ind2=" ">
    <subfield code="a">Marco Arcalá, Luis Alberto</subfield>
    <subfield code="e">dir.</subfield>
  </datafield>
  <datafield tag="710" ind1="2" ind2=" ">
    <subfield code="a">Universidad de Zaragoza</subfield>
    <subfield code="b">Derecho de la Empresa</subfield>
    <subfield code="c">Derecho Mercantil</subfield>
  </datafield>
  <datafield tag="980" ind1=" " ind2=" ">
    <subfield code="a">TAZ</subfield>
    <subfield code="b">TFG</subfield>
    <subfield code="c">DER</subfield>
  </datafield>
  <datafield tag="999" ind1=" " ind2=" ">
    <subfield code="a">20240605202528.CREATION_DATE</subfield>
  </datafield>
  <datafield tag="951" ind1=" " ind2=" ">
    <subfield code="a">deposita:2025-05-12</subfield>
  </datafield>
</record>
</collection>